[Event "Travemuende op 20th"]
[Site "Travemuende"]
[Date "2003.12.27"]
[Round "1"]
[White "Fedorchuk, Sergey A"]
[Black "Hollatz, Olaf"]
[Result "1-0"]
[WhiteElo "2561"]
[BlackElo "1805"]
[PlyCount "70"]
[EventDate "2003.12.??"]
[EventType "swiss"]
[EventRounds "7"]
[EventCountry "GER"]
[SourceTitle "EXT 2006"]
[Source "ChessBase"]
[SourceDate "2005.11.24"]
[SourceVersion "1"]
[SourceVersionDate "2005.11.24"]
[SourceQuality "1"]

1. c4 c5 2. Nc3 Nc6 3. g3 g6 4. Bg2 Bg7 5. Nf3 e6 6. 0-0 Nge7 7. d3 0-0 8. e4 d6 9. a3 a5 10. Rb1 Rb8 11. Be3 Nd4 12. Ne2 Nxe2+ 13. Qxe2 Nc6 14. Bd2 Bd7 15. Bc3 Nd4 16. Nxd4 cxd4 17. Bd2 b5 18. b4 a4 19. Rbc1 Qb6 20. Rc2 Rbc8 21. Rfc1 e5 22. Qf1 Rc7 23. Bh3 Bxh3 24. Qxh3 Rfc8 25. cxb5 f5 26. Rxc7 Rxc7 27. exf5 Rxc1+ 28. Bxc1 Qxb5 29. fxg6 hxg6 30. Qe6+ Kh7 31. Qc4 Qxc4 32. dxc4 e4 33. b5 Bf8 34. b6 d5 35. b7 Bd6 1-0